[Event "29th ECC Open 2013"]
[Site "Rhodes GRE"]
[Date "2013.10.24"]
[Round "5.2"]
[White "Bologan,V"]
[Black "Mamedov,Rau"]
[Result "1/2-1/2"]
[WhiteElo "2670"]
[BlackElo "2641"]

1.d4 Nf6 2.c4 g6 3.Nc3 Bg7 4.e4 d6 5.Nge2 O-O 6.Ng3 h5 7.Be2 a6 8.O-O c5
9.d5 e5 10.Bg5 Qe8 11.Qd2 Nh7 12.Bh6 h4 13.Nh1 Qe7 14.Bxg7 Kxg7 15.a3 f5
16.f3 f4 17.Nf2 a5 18.h3 Bd7 19.Bd1 Na6 20.Ba4 Bc8 21.Bb5 Nc7 22.b4 axb4
23.axb4 Rxa1 24.Rxa1 cxb4 25.Na4 Nxb5 26.cxb5 Bd7 27.Qxb4 Rc8 28.Qb2 Qd8
29.Qb4 Qe7 30.Nc3 Ng5 31.Kf1 b6 32.Ke1 Nf7 33.Ra7 Qd8 34.Qa3 Rc4 35.Nfd1 Qc8
36.Ra8 Qc7 37.Ra7 Qc8 38.Ra8 Qc7 39.Ra7 Qc8 40.Ra8 Qc7  1/2-1/2

[Event "29th ECC Open 2013"]
[Site "Rhodes GRE"]
[Date "2013.10.25"]
[Round "6.2"]
[White "Tuncer,U"]
[Black "Bologan,V"]
[Result "1-0"]
[WhiteElo "2317"]
[BlackElo "2670"]

1.e4 g6 2.d4 Bg7 3.Nc3 c6 4.Nf3 d6 5.a4 Nf6 6.Be2 O-O 7.O-O Qc7 8.Re1 e5
9.h3 exd4 10.Nxd4 Re8 11.Bf1 Nbd7 12.Nb3 b6 13.Bf4 Ne5 14.Bh2 Bb7 15.f4 Ned7
16.g4 a6 17.g5 Nh5 18.Be2 b5 19.Bxh5 gxh5 20.e5 dxe5 21.f5 c5 22.Ne4 Bxe4
23.Rxe4 c4 24.Nd2 Qc5+ 25.Kf1 f6 26.Qxh5 fxg5 27.Qxg5 Kh8 28.Rg4 Qf8 29.Ne4 Nf6
30.Ke2 Nxe4 31.Rxe4 Rad8 32.Rg1 Bf6 33.Qe3 Rd5 34.Rd1 Rxd1 35.Kxd1 Bg7 36.Qf3 Qd6+
37.Ke2 Rd8 38.f6 Qd1+ 39.Kf2 Qd2+ 40.Re2 Qd4+ 41.Kg2 Bh6 42.f7 e4 43.Rxe4 Qd2+
44.Re2 Qg5+ 45.Kf2 Qc5+ 46.Ke1 Rf8 47.Be5+ Bg7 48.Bxg7+ Kxg7 49.Rg2+ Kh6
50.Qf4+  1-0

[Event "Gibraltar Masters 2014"]
[Site "Caleta ENG"]
[Date "2014.01.28"]
[Round "1.19"]
[White "Galmandakh,Badrakh"]
[Black "Bologan,V"]
[Result "1/2-1/2"]
[WhiteElo "2225"]
[BlackElo "2660"]

1.d3 d5 2.e4 e6 3.Nf3 c5 4.g3 Nc6 5.Bg2 Nf6 6.Nc3 d4 7.Ne2 e5 8.O-O Be7 9.h3 O-O
10.Ne1 Ne8 11.f4 Nd6 12.Nf3 f6 13.f5 c4 14.b3 cxd3 15.cxd3 Bd7 16.g4 Rc8
17.Qe1 Nf7 18.a3 Qb6 19.Rb1 Qa6 20.Qd1 Bxa3 21.Ra1 Bxc1 22.Rxa6 Be3+ 23.Kh1 bxa6
24.Nd2 Nb4 25.Nc4 Bb5 26.h4 h6 27.Ng3 a5 28.g5 hxg5 29.hxg5 Bxg5 30.Bf3 a4
31.bxa4 Bxc4 32.dxc4 Rxc4 33.Qb3 Rfc8 34.Be2 d3 35.Bxd3 Nxd3 36.Qxd3 Rxa4
37.Rb1 Rac4 38.Rb7 R4c7 39.Qa6 Be3 40.Qe6 Kh7 41.Rxc7 Rxc7 42.Qe8 a5 43.Kg2 Ra7
44.Qa4 Bc5 45.Ne2 Bb4 46.Nc1 Rc7 47.Nd3 Ng5 48.Nxb4 axb4 49.Qxb4 Rd7 50.Qa4 Rd2+
51.Kf1 Nf7 52.Qb3 Rd7 53.Qe6 Rc7 54.Ke2 Nh6 55.Qe8 Rf7 56.Kd3 g6 57.fxg6+ Kxg6
58.Kc4 Kg7 59.Kd5 Ra7 60.Qc8 Nf7 61.Qc5 Ra6 62.Qg1+ Ng5 63.Qc5 Kg6 64.Qf8 Kh5
65.Qh8+ Kg4 66.Qc8+ Ne6 67.Qd7 Kf3 68.Qh7 Nf4+ 69.Kc5 Ke3 70.Qh1 Nd3+ 71.Kd5 Nf4+
72.Kc5 Ne2 73.Qf1 Kd2 74.Qf2 Ra4 75.Qxf6 Nf4 76.Kd6 Nd3 77.Qg5+ Ke2 78.Qg4+ Ke3
79.Qg3+ Kd4 80.Ke6 Kxe4 81.Qg2+ Kd4 82.Kf5 Kc3 83.Qe2 Rf4+ 84.Ke6 Kd4 85.Qa2 e4
86.Qd5+ Ke3 87.Qg5 Ke2 88.Qh5+ Kd2 89.Qa5+ Ke3 90.Qg5 Ke2 91.Qh5+ Rf3 92.Qg4 Nf2
93.Qh5 Kf1 94.Qb5+ Rd3 95.Qb1+ Kg2 96.Qb7 Rf3 97.Qg7+ Rg3 98.Qb7 Rg5 99.Kf6 Ra5
100.Qg7+ Kf1 101.Qc7 Rh5 102.Kg6 Rd5 103.Qc4+ Rd3 104.Qc1+ Kg2 105.Qc6 Rf3
106.Qc2 Kg3 107.Qe2 e3 108.Kh5 Rf5+ 109.Kg6 Re5 110.Kf6 Ng4+ 111.Kg6 Kf4
112.Qf1+ Nf2 113.Kf6 Rd5 114.Ke7 Kf3 115.Qc4 Re5+ 116.Kd6 Rf5 117.Qb3 Ne4+
118.Kc7 Rc5+ 119.Kb6 Rc3 120.Qf7+ Kg4 121.Qg7+ Kf5 122.Qh7+ Ke5 123.Qe7+ Kd5
124.Qb7+ Kd4 125.Qd7+ Ke5 126.Qe7+ Kf4 127.Qh4+ Kf3 128.Qh1+ Kf4 129.Qh4+  1/2-1/2

[Event "Gibraltar Masters 2014"]
[Site "Caleta ENG"]
[Date "2014.01.29"]
[Round "2.57"]
[White "Bologan,V"]
[Black "Verneuil,P"]
[Result "1-0"]
[WhiteElo "2660"]
[BlackElo "2065"]

1.e4 c5 2.Nf3 e6 3.d4 cxd4 4.Nxd4 Nf6 5.Nc3 d6 6.Be3 Be7 7.f3 Nc6 8.Qd2 O-O
9.O-O-O a6 10.g4 Nxd4 11.Bxd4 e5 12.Be3 Be6 13.Kb1 b5 14.h4 b4 15.Nd5 Bxd5
16.exd5 Rb8 17.Bxa6 Qa5 18.Bc4 Rfc8 19.Bb3 Nd7 20.g5 Bd8 21.h5 Bb6 22.g6 Bxe3
23.Qxe3 Qb6 24.Qg5 Qd8 25.Qf5 Qe7 26.gxh7+ Kh8 27.Rhg1 Nf8 28.f4 Qd7 29.h6  1-0

[Event "Gibraltar Masters 2014"]
[Site "Caleta ENG"]
[Date "2014.01.30"]
[Round "3.27"]
[White "Paehtz,E"]
[Black "Bologan,V"]
[Result "0-1"]
[WhiteElo "2458"]
[BlackElo "2660"]

1.e4 e6 2.d4 d5 3.Nc3 Nf6 4.e5 Nfd7 5.f4 c5 6.Nf3 Nc6 7.Ne2 Be7 8.c3 O-O
9.a3 f6 10.b4 cxd4 11.Nexd4 Nxd4 12.Qxd4 a5 13.Be3 axb4 14.cxb4 Nb8 15.Qb2 Nc6
16.Bb5 fxe5 17.fxe5 d4 18.Bf2 Rxf3 19.gxf3 Nxe5 20.O-O-O Qd5 21.Bxd4 Nxf3
22.a4 Qe4 23.Rhg1 e5 24.Qb3+ Kh8 25.Qf7 Bg4 26.Rxg4 Qxg4 27.Qxe7 Nxd4 28.Rf1 Qc8+  0-1

[Event "Gibraltar Masters 2014"]
[Site "Caleta ENG"]
[Date "2014.02.01"]
[Round "5.16"]
[White "Debashis,D"]
[Black "Bologan,V"]
[Result "1-0"]
[WhiteElo "2494"]
[BlackElo "2660"]

1.d4 d5 2.c4 c6 3.Nf3 Nf6 4.Nc3 a6 5.c5 Bf5 6.Bf4 Nbd7 7.e3 e6 8.Be2 Be7
9.Nd2 h6 10.b4 O-O 11.O-O Re8 12.Bg3 Qc8 13.a4 Bd8 14.f4 b6 15.a5 bxa5 16.bxa5 Rb8
17.Be1 Bc7 18.Nb3 Bg4 19.Bxg4 Nxg4 20.Bd2 f5 21.Na4 Rb5 22.Nc3 Rb7 23.Na4 Rb5
24.Nc3 Rb7 25.Na4 Re7 26.Nb6 Qe8 27.Qe2 Ra7 28.Ra2 g5 29.Nc1 Ngf6 30.Nd3 Rg7
31.Nb4 Nb8 32.Rb2 Ne4 33.Be1 gxf4 34.exf4 Bd8 35.Nd3 Bf6 36.Qe3 Kh7 37.Na4 Nd7
38.Nc3 Qg6 39.Nxe4 dxe4 40.Ne5 Bxe5 41.dxe5 Nf8 42.Qe2 Qe8 43.Bh4 Rgd7 44.Rfb1 Ng6
45.Rb8 Qf7 46.Bf6 Rd3 47.Qh5 e3 48.h3 Rad7 49.Rc8 e2 50.Qxe2 Nxf4 51.Rh8+ Kg6
52.Qf2 Rd1+ 53.Kh2 Nh5 54.Rbb8 Nxf6 55.Qh4 Nh5 56.Rbg8+ Qxg8 57.Rxg8+ Rg7
58.Rxg7+ Nxg7 59.Qa4 Rd5 60.Qxc6 f4 61.Qxa6 Rxc5 62.Qb6 Rxe5 63.a6  1-0

[Event "Gibraltar Masters 2014"]
[Site "Caleta ENG"]
[Date "2014.02.02"]
[Round "6.28"]
[White "Bologan,V"]
[Black "Tseitlin,Ma"]
[Result "1-0"]
[WhiteElo "2660"]
[BlackElo "2389"]

1.d4 Nf6 2.c4 g6 3.g3 c6 4.Bg2 d5 5.Qa4 e6 6.Nf3 Bg7 7.O-O O-O 8.Bf4 Nbd7
9.Nbd2 Ne4 10.Qc2 Nxd2 11.Bxd2 dxc4 12.Rfd1 Nb6 13.Bb4 Re8 14.e4 a5 15.Ba3 Nd7
16.Qxc4 Ra6 17.Qc2 b5 18.Bd6 Bb7 19.e5 Qa8 20.Bc5 a4 21.Qc3 Qb8 22.Bd6 Qa8
23.Rac1 Nb6 24.Rc2 Nc4 25.Bc5 Rd8 26.Re1 Rd5 27.Nd2  1-0

[Event "Gibraltar Masters 2014"]
[Site "Caleta ENG"]
[Date "2014.02.03"]
[Round "7.16"]
[White "Raznikov,D"]
[Black "Bologan,V"]
[Result "1/2-1/2"]
[WhiteElo "2479"]
[BlackElo "2660"]

1.d4 Nf6 2.c4 e6 3.Nc3 Bb4 4.e3 O-O 5.Bd3 c5 6.Nf3 d5 7.O-O Nbd7 8.Qe2 cxd4
9.exd4 dxc4 10.Bxc4 a6 11.Rd1 b5 12.Bb3 Bb7 13.Ne5 Re8 14.Rd3 Nf8 15.Bg5 Be7
16.Rad1 Nd5 17.Bc1 f6 18.Ng4 f5 19.Ne5 Bf6 20.Qh5 g6 21.Qe2 Bg7 22.Rh3 Rc8
23.Bxd5 Bxd5 24.Bf4 Bb7 25.a3 Qe7 26.Qd2 Bf6 27.Rg3 Red8 28.Bg5 Bxg5 29.Rxg5 a5
30.Rg3 Qf6 31.h3 b4 32.axb4 axb4 33.Ne2 Nd7 34.Qxb4 Nxe5 35.Qxb7 Rb8 36.Qc7 f4
37.Ra3 f3 38.Ng3 fxg2 39.Ra7 Nf7 40.Ne4 Qf5 41.Nd6 Rxd6 42.Qxb8+ Rd8 43.Qb7 Rd5
44.b4 Kg7 45.Qe7 h5 46.Rd3 e5 47.Qxf7+ Qxf7 48.Rxf7+ Kxf7 49.Rf3+ Ke6 50.dxe5 Kxe5
51.Kxg2 Rb5 52.Rb3 Kf4 53.Kf1 g5 54.Ke2 h4 55.Rf3+ Ke4 56.Rb3 Kf4 57.Rf3+ Ke4
58.Rb3 Kf4 59.Kf1 g4 60.Kg2 Kg5 61.Rb2 Kf4 62.hxg4 Kxg4 63.Rb3 Kg5 64.Rb1 Kg4
65.Rb3 Kg5 66.Kh3 Rf5 67.Rb2 Rb5 68.Rb1 Kh5 69.Kg2 Kg4 70.f3+ Kf4 71.Rb3 Kf5
72.Rb1 Kf4 73.Kf2 Kf5 74.Ke3 Re5+ 75.Kd4 Kf4 76.Rh1 Rh5 77.Rh3 Kf5 78.Kc5 Kf4+
79.Kc4 Ke3 80.b5 Kf2 81.f4 Kg2 82.Rd3 Rf5 83.Rd4 h3 84.b6 h2 85.Rd2+ Kg3  1/2-1/2

[Event "Gibraltar Masters 2014"]
[Site "Caleta ENG"]
[Date "2014.02.04"]
[Round "8.23"]
[White "Bologan,V"]
[Black "Mikkelsen,N"]
[Result "1-0"]
[WhiteElo "2660"]
[BlackElo "2423"]

1.e4 c5 2.Nf3 d6 3.d4 cxd4 4.Nxd4 Nf6 5.Nc3 Nc6 6.Bg5 e6 7.Qd2 a6 8.O-O-O Be7
9.f4 Bd7 10.Nf3 b5 11.Bxf6 gxf6 12.Bd3 Qa5 13.Kb1 Rc8 14.Rhe1 Nb4 15.Nd4 Rxc3
16.Qxc3 Qxa2+ 17.Kc1 d5 18.Qb3 Qa1+ 19.Kd2 Qa5 20.c3 Nxd3 21.Kxd3 dxe4+ 22.Rxe4 Qc7
23.Rde1 O-O 24.Qd1 b4 25.f5 Rc8 26.Qh5 Qc4+ 27.Ke3 Bc5 28.Kf2 e5 29.R1e3 bxc3
30.bxc3 Qa2+ 31.Kg3 Kh8 32.Rg4 Rg8 33.Re4 Rxg4+ 34.Rxg4 Bf8 35.Nf3 Bc6 36.Kh3 Qd5
37.Ng5 Qd3+ 38.Kh4 fxg5+ 39.Qxg5  1-0

[Event "Gibraltar Masters 2014"]
[Site "Caleta ENG"]
[Date "2014.02.05"]
[Round "9.11"]
[White "Al Sayed,Mohamad"]
[Black "Bologan,V"]
[Result "1-0"]
[WhiteElo "2476"]
[BlackElo "2660"]

1.d4 Nf6 2.c4 e6 3.Nf3 Nc6 4.g3 Bb4+ 5.Bd2 Qe7 6.Nc3 O-O 7.Bg2 d6 8.O-O Bxc3
9.Bxc3 e5 10.d5 Nb8 11.Nh4 g5 12.Nf3 Ne4 13.Qc2 Nxc3 14.Qxc3 Bg4 15.c5 Nd7
16.c6 bxc6 17.Qxc6 a5 18.Qxc7 Rfc8 19.Qb7 Rcb8 20.Qc7 Rxb2 21.Rab1 Rxe2 22.Qc4 Bxf3
23.Bxf3 Rd2 24.Rb7 Rd8 25.Bg4 Rd4 26.Qe2 e4 27.Qe3 Rd3 28.Qa7 e3 29.fxe3 Rd2
30.Bxd7 Qe4 31.Bh3 g4 32.Rfxf7  1-0

[Event "V Chebanenko Rapid Open 2014"]
[Site "Chisinau MDA"]
[Date "2014.04.01"]
[Round "3.2"]
[White "Bologan,V"]
[Black "Rogozenco,D"]
[Result "1-0"]
[WhiteElo "2649"]
[BlackElo "2513"]

1.d4 d5 2.c4 c6 3.Nf3 Nf6 4.e3 Bg4 5.Nbd2 e6 6.Qb3 Qb6 7.h3 Bh5 8.g4 Bg6
9.Ne5 Nbd7 10.Nxg6 hxg6 11.g5 Ne4 12.Nxe4 dxe4 13.Bg2 Rh4 14.Qc2 Qa5+ 15.Bd2 Qxg5
16.Bxe4 Nf6 17.Bf3 Qf5 18.Qxf5 gxf5 19.Ke2 Be7 20.b4 Ne4 21.Be1 O-O-O 22.Bg2 Bd6
23.c5 Bc7 24.f4 Rh6 25.Kd3 Nf6 26.Rb1 a6 27.a4 Kd7 28.Bd2 Nd5 29.b5 axb5
30.axb5 Ra8 31.b6 Bb8 32.Ra1 Rxa1 33.Rxa1 Kc8 34.Ke2 Rh8 35.Be1 g6 36.Bg3 Rh7
37.Kf2 Rh8 38.Ra3 Rh7 39.e4 fxe4 40.Bxe4 f5 41.Bxd5 exd5 42.Kg2 Kd7 43.Ra8 Kc8
44.Bf2 Rh8 45.Bg3 Rh7 46.Ra3 Kd7 47.Bh2 Rh6 48.Ra1 Rh7 49.Bg3 Rh8 50.Rh1 Rh7
51.Kf3 Rh8 52.Bf2 Rh7 53.h4 Rh8 54.Rg1 Rh6 55.h5 Rxh5 56.Rxg6  1-0

[Event "V Chebanenko Rapid Open 2014"]
[Site "Chisinau MDA"]
[Date "2014.04.01"]
[Round "4.2"]
[White "Nigalidze,G"]
[Black "Bologan,V"]
[Result "0-1"]
[WhiteElo "2536"]
[BlackElo "2649"]

1.d4 Nf6 2.c4 e6 3.Nf3 b6 4.g3 Ba6 5.b3 Bb4+ 6.Bd2 Be7 7.Bg2 d5 8.Ne5 O-O
9.O-O Bb7 10.Qc2 Qc8 11.cxd5 exd5 12.Nc3 c5 13.Qd3 Na6 14.Rac1 Qe6 15.Nb5 cxd4
16.Bf4 Bc5 17.Nxd4 Qe8 18.Nf5 Ne4 19.Qf3 g6 20.Nh6+ Kg7 21.Nhg4 f5 22.Bh6+ Kg8
23.Bxf8 fxg4 24.Qxg4 Bxf8 25.Bxe4 dxe4 26.Nc4 Nb4 27.a3 Nd5 28.Rfd1 Qe7 29.Rd4 Re8
30.b4 Bg7 31.Rdd1 Bc8  0-1

[Event "V Chebanenko Rapid Open 2014"]
[Site "Chisinau MDA"]
[Date "2014.04.02"]
[Round "7.1"]
[White "Bologan,V"]
[Black "Kuzubov,Y"]
[Result "1/2-1/2"]
[WhiteElo "2649"]
[BlackElo "2639"]

1.d4 g6 2.c4 Bg7 3.Nc3 d6 4.g3 Bg4 5.Bg2 c6 6.h3 Bd7 7.Nf3 Qc8 8.e4 Na6 9.Be3 Nc7
10.Qd2 Rb8 11.e5 d5 12.cxd5 Nxd5 13.Nxd5 cxd5 14.Rc1 Bc6 15.O-O Qd7 16.Rc2 e6
17.Rfc1 Ne7 18.Bh6 O-O 19.Nh2 Nf5 20.Bxg7 Kxg7 21.Ng4 Qd8 22.Bf1 Qb6 23.Rc5 a5
24.a3 h5 25.Nf6 h4 26.g4 Ne7 27.Rxa5 Ra8 28.Rac5 Ra4 29.b4 Rxa3 30.b5 Be8
31.Qg5 Rh8 32.Rc7 Qxd4 33.Rxe7 Rf3 34.Rc2 Bxb5 35.Bxb5 Qd1+ 36.Kg2 Rg3+ 37.fxg3 Qxc2+
38.Kf3 Ra8 39.Nh5+ Kg8 40.Re8+ Rxe8 41.Nf6+ Kf8 42.Nxe8 Qb3+ 43.Qe3 Qxb5
44.Nf6 Qf1+ 45.Qf2 Qd3+ 46.Kg2 hxg3 47.Qc5+ Kg7 48.Ne8+ Kh7 49.Qc7 Qe2+ 50.Kxg3 Qe3+
51.Kg2 Qe2+  1/2-1/2

[Event "FIDE World Blitz 2014"]
[Site "Dubai UAE"]
[Date "2014.06.19"]
[Round "2.12"]
[White "Bologan,V"]
[Black "Wojtaszek,R"]
[Result "0-1"]
[WhiteElo "2661"]
[BlackElo "2715"]

1.e4 c5 2.Nf3 d6 3.d4 cxd4 4.Nxd4 Nf6 5.Nc3 a6 6.Be3 e5 7.Nb3 Be7 8.f3 Be6
9.Qd2 Nbd7 10.O-O-O h5 11.Kb1 Qc7 12.Bd3 b5 13.f4 b4 14.Nd5 Nxd5 15.exd5 Bxd5
16.Rhe1 a5 17.fxe5 dxe5 18.Bb5 Bc6 19.Bxc6 Qxc6 20.Bg5 Bxg5 21.Qxg5 O-O 22.Qxh5 a4
23.Nc1 Rfc8 24.Qf5 Nf6 25.Rxe5 b3 26.axb3 axb3 27.Nxb3 Qxg2 28.h4 Ng4 29.Re7 Nh6
30.Qe4 Qf2 31.Rc7 Re8 32.Re7 Rec8 33.Re1 Nf5 34.Re5 Nd6 35.Qd3 Nc4 36.R5e2 Qa7
37.Kc1 Qa1+  0-1

[Event "FIDE World Blitz 2014"]
[Site "Dubai UAE"]
[Date "2014.06.19"]
[Round "3.41"]
[White "Breckenridge,S"]
[Black "Bologan,V"]
[Result "0-1"]
[WhiteElo "2299"]
[BlackElo "2661"]

1.e4 g6 2.d4 Bg7 3.Nc3 c6 4.Nf3 d6 5.a4 Nf6 6.Bg5 h6 7.Bh4 g5 8.Bg3 Nh5 9.Bc4 e6
10.Qe2 Nxg3 11.hxg3 g4 12.Nd2 Bxd4 13.Qxg4 Nd7 14.Qe2 Qa5 15.Nd1 d5 16.exd5 cxd5
17.c3 Be5 18.b4 Qc7 19.Bb3 a5 20.b5 Nc5 21.Bc2 Bd7 22.O-O h5 23.Nf3 Bf6 24.Ne3 O-O-O
25.Rac1 h4 26.gxh4 Bxh4 27.c4 d4 28.Ng4 Rdg8 29.Nge5 Bf6 30.Nxf7 Rh5 31.g3 Rh3
32.N3e5 Bxe5 33.Nxe5 d3 34.Bxd3  0-1

[Event "FIDE World Blitz 2014"]
[Site "Dubai UAE"]
[Date "2014.06.19"]
[Round "4.22"]
[White "Bologan,V"]
[Black "Vitiugov,N"]
[Result "0-1"]
[WhiteElo "2661"]
[BlackElo "2742"]

1.d4 d5 2.c4 c6 3.Nf3 Nf6 4.e3 Bg4 5.Nbd2 e6 6.Qb3 Qc7 7.h3 Bh5 8.g4 Bg6
9.Ne5 Nbd7 10.Nxg6 hxg6 11.g5 Ne4 12.Nxe4 dxe4 13.Bd2 Be7 14.Rg1 Rh5 15.Qc2 Rxg5
16.Rxg5 Bxg5 17.Qxe4 O-O-O 18.O-O-O Bf6 19.f4 g5 20.f5 e5 21.c5 Rh8 22.Kb1 Rh4
23.Qc2 exd4 24.Be1 d3 25.Rxd3 Rh8 26.e4 a6 27.Bg3 Ne5 28.Rd6 Rd8 29.Qd1 Rxd6
30.cxd6 Qb6 31.Qe2 Qd4 32.Bxe5 Bxe5 33.d7+ Kd8 34.a3 b5 35.Ka2 c5 36.Kb1 c4
37.Bg2 a5 38.Qc2 b4 39.axb4 axb4 40.Qe2 b3 41.Kc1 Kxd7 42.Qd1 Bf4+  0-1

[Event "FIDE World Blitz 2014"]
[Site "Dubai UAE"]
[Date "2014.06.19"]
[Round "5.23"]
[White "Bologan,V"]
[Black "Anand,V"]
[Result "0-1"]
[WhiteElo "2661"]
[BlackElo "2785"]

1.e4 c5 2.Nf3 d6 3.d4 cxd4 4.Nxd4 Nf6 5.Nc3 a6 6.Be3 e5 7.Nb3 Be6 8.f3 Nbd7
9.Qd2 h5 10.O-O-O Be7 11.Bd3 b5 12.f4 Qc7 13.Rhe1 Rb8 14.h3 h4 15.Kb1 g6
16.Qf2 Nb6 17.Bxb6 Qxb6 18.Qf3 exf4 19.Nd5 Bxd5 20.exd5 Kf8 21.Qxf4 Nh5 22.Qf3 Bf6
23.Re4 Kg7 24.Rg4 Rbe8 25.Rf1 Qe3 26.a4 Qxf3 27.Rxf3 Re1+ 28.Ka2 Rg1 29.Rf2 Be5
30.axb5 axb5 31.Bxb5 Bg3 32.Rd2 Nf4 33.Rd4 Ra8+ 34.Ra4 Rxa4+ 35.Bxa4 f5 36.Rxf4 Bxf4
37.Nd4 Bg3 38.b4 Rxg2 39.Kb3 Bf2 40.c3 Bxd4 41.cxd4 Rg3+ 42.Kc4 Rxh3 43.b5 Ra3
44.Kb4 Re3 45.b6 Re7 46.Kb5 h3 47.Bd1 h2 48.Bf3 g5 49.Kc6 g4 50.Bh1 Re1 51.b7 Rb1
52.Kc7 f4 53.b8=Q Rxb8 54.Kxb8 f3  0-1

[Event "FIDE World Blitz 2014"]
[Site "Dubai UAE"]
[Date "2014.06.19"]
[Round "6.42"]
[White "Vakhidov,J"]
[Black "Bologan,V"]
[Result "1-0"]
[WhiteElo "2471"]
[BlackElo "2661"]

1.Nf3 g6 2.d4 Bg7 3.c4 f5 4.g3 Nf6 5.Bg2 O-O 6.O-O d6 7.Nc3 c6 8.Re1 Ne4
9.Qb3 Kh8 10.Be3 Na6 11.Rac1 Nc7 12.Nxe4 fxe4 13.Ng5 d5 14.cxd5 cxd5 15.Rxc7 Qxc7
16.Qxd5 e6 17.Qxe4 Qa5 18.Ra1 Qf5 19.Qh4 h6 20.Ne4 Kh7 21.Bh3 Qh5 22.Qxh5 gxh5
23.Nd6 Bd7 24.Nxb7 Rab8 25.Nc5 Bc8 26.Nd3 e5 27.Bxc8 exd4 28.Bxd4 Bxd4 29.Be6 Rbe8
30.e3 Bxe3 31.Bb3 Bb6 32.Nf4 h4 33.Bc2+ Kg7 34.Rd1 Re7 35.Kg2 Rxf4 36.gxf4 Re2
37.Rd7+ Kf6 38.Bb3 Rxf2+ 39.Kh3 Rxb2 40.Rf7+ Kg6 41.Rf8 Kg7 42.Rf7+ Kg6 43.Rf8 h5
44.f5+ Kg5 45.f6 Bc7 46.Rg8+ Kxf6 47.Rg2 Rb1 48.Kxh4 Rh1 49.h3 Bb6 50.Bd5 Rd1
51.Bf3 Rd3 52.Bxh5 Ba5 53.Rf2+ Ke5 54.Re2+ Kf4 55.Rf2+ Ke5 56.Re2+ Kf6 57.Rf2+ Ke5
58.Kg4 Bb6 59.Rf5+ Kd6 60.Bf7 Rd4+ 61.Kf3 Rd3+ 62.Kg4 Rd4+ 63.Kh5 Bd8 64.Rf3 Ke7
65.Bb3 Kd6 66.Kg6 Rh4 67.Rd3+ Kc7 68.Kf7 Bg5 69.Kg6 Bf4 70.Rd4 Rh6+ 71.Kf5 Be3
72.Rd3 Bf2 73.Rf3 Be1 74.Kg5 Rh8 75.Be6 a5 76.Bg4 Kb6 77.Rf1 Bh4+ 78.Kg6 Rg8+
79.Kf7 Rh8 80.Rf5 Be1 81.a4 Bh4 82.Rb5+ Ka6 83.Be2 Rh7+ 84.Kf8 Re7 85.Re5+ Kb6
86.Rxe7  1-0

[Event "FIDE World Blitz 2014"]
[Site "Dubai UAE"]
[Date "2014.06.19"]
[Round "7.47"]
[White "Bologan,V"]
[Black "Hilwani,T"]
[Result "1-0"]
[WhiteElo "2661"]
[BlackElo "2274"]

1.e4 c5 2.Nf3 a6 3.Nc3 Nc6 4.d4 cxd4 5.Nxd4 e6 6.Be2 d6 7.Be3 Nf6 8.f4 Qc7
9.g4 Be7 10.g5 Nd7 11.Qd2 b5 12.a3 Rb8 13.h4 Bb7 14.h5 Nc5 15.Nxc6 Bxc6 16.Bf3 Qb7
17.Qd4 Rg8 18.O-O-O b4 19.axb4 Qxb4 20.Qxb4 Rxb4 21.Bxc5 dxc5 22.Rhf1 e5
23.g6 hxg6 24.hxg6 exf4 25.Bh5 fxg6 26.Bxg6+ Kf8 27.Rxf4+ Bf6 28.Rd8+ Ke7
29.Rxg8 Bg5 30.Rf8 Rb8 31.Rf7+ Kd6 32.Kb1 Bxf4 33.Rxf4 Ke5 34.Rg4 Rb7 35.Bf5 a5
36.Rg6 Be8 37.Re6+ Kf4 38.Rxe8 g5 39.Nd5+ Kf3 40.Rg8 a4 41.Rxg5 a3 42.b3  1-0

[Event "FIDE World Blitz 2014"]
[Site "Dubai UAE"]
[Date "2014.06.19"]
[Round "8.42"]
[White "Omar,Noa"]
[Black "Bologan,V"]
[Result "0-1"]
[WhiteElo "2366"]
[BlackElo "2661"]

1.d4 Nf6 2.c4 e6 3.Nc3 Bb4 4.Qc2 c5 5.dxc5 O-O 6.Nf3 Na6 7.g3 Nxc5 8.Bg2 Nce4
9.O-O Nxc3 10.bxc3 Bc5 11.e4 d6 12.e5 dxe5 13.Nxe5 Qe7 14.Bg5 h6 15.Bxf6 Qxf6
16.Qe2 a5 17.Rad1 Qe7 18.Kh1 Ra6 19.f4 Rd6 20.Rxd6 Bxd6 21.Rb1 Qc7 22.Bf3 Rd8
23.Kg2 Bxe5 24.fxe5 b6 25.h4 Ba6 26.Qe3 Qxc4 27.Rxb6 Qxa2+ 28.Be2 Qxe2+  0-1

[Event "FIDE World Blitz 2014"]
[Site "Dubai UAE"]
[Date "2014.06.19"]
[Round "9.29"]
[White "Bologan,V"]
[Black "Movsesian,S"]
[Result "0-1"]
[WhiteElo "2661"]
[BlackElo "2672"]

1.e4 c5 2.Nf3 e6 3.d4 cxd4 4.Nxd4 Nc6 5.Nc3 a6 6.Be2 d6 7.Be3 Bd7 8.O-O Nf6
9.a4 Be7 10.f4 O-O 11.Kh1 Qc7 12.Qe1 Rac8 13.Nb3 Nb4 14.Qd2 d5 15.e5 Ne4
16.Nxe4 dxe4 17.c3 Nd5 18.Bd4 Bc6 19.a5 Rcd8 20.Qc2 Qb8 21.Nd2 Nb4 22.Qb1 Nd3
23.Bxd3 exd3 24.Qxd3 Bb5 25.c4 Bc6 26.Qe3 Rd7 27.Ne4 Rfd8 28.Bb6 Rd3 29.Qe2 R8d7
30.Nd6 Rb3 31.Qc2 Rh3 32.c5 Bd8 33.Kg1 Rh6 34.Rad1 Bxb6 35.axb6 Qd8 36.Rf2 Qh4
37.h3 Rg6 38.Rd3 h5 39.Kh2 a5 40.b3 Bb5 41.Rdf3 Bc6 42.Re3 Rxg2+ 43.Rxg2 Qxf4+
44.Reg3 h4 45.Qe2 Bxg2 46.Qxg2 Qxe5 47.Qf2 hxg3+ 48.Qxg3 Qxc5 49.Nc4 a4 50.Qb8+ Kh7
51.Qe8 Qf2+ 52.Kh1 Rd1+  0-1

[Event "FIDE World Blitz 2014"]
[Site "Dubai UAE"]
[Date "2014.06.19"]
[Round "10.41"]
[White "Debashis,D"]
[Black "Bologan,V"]
[Result "0-1"]
[WhiteElo "2484"]
[BlackElo "2661"]

1.d4 Nf6 2.c4 e6 3.Nc3 Bb4 4.Nf3 c5 5.g3 Ne4 6.Qd3 cxd4 7.Nxd4 Bxc3+ 8.bxc3 Nc5
9.Qf3 d6 10.Bg2 O-O 11.O-O e5 12.Nb3 Nba6 13.Ba3 Qc7 14.Rfd1 Rb8 15.Qe3 b6
16.Nxc5 bxc5 17.Rab1 Be6 18.Qd3 Rxb1 19.Rxb1 Qa5 20.Rb3 Rd8 21.Bd5 Nc7 22.e4 h6
23.Qb1 Kh7 24.Bc1 Qa4 25.Be3 Bxd5 26.cxd5 Ne8 27.Rb7 Rd7 28.Rxd7 Qxd7 29.Qb8 Nf6
30.f3 g5 31.g4 Kg7 32.h3 Ng8 33.a4 Ne7 34.a5 Ng6 35.c4 Nh4 36.Qb5 Qe7 37.Bf2 Nxf3+
38.Kg2 Nd2 39.a6 Nxe4 40.Qb7 Qf6 41.Be3 Qg6 42.Qxa7 Nc3 43.Qe7 Qe4+ 44.Kf2 Nd1+
45.Ke2 Nxe3 46.a7 Nxc4+ 47.Kf2 Qe3+ 48.Kg2 Qe2+ 49.Kg1 Ne3  0-1

[Event "FIDE World Blitz 2014"]
[Site "Dubai UAE"]
[Date "2014.06.19"]
[Round "11.32"]
[White "Bologan,V"]
[Black "Bartel,Mat"]
[Result "1-0"]
[WhiteElo "2661"]
[BlackElo "2641"]

1.d4 f5 2.Nf3 Nf6 3.g3 g6 4.Bg2 Bg7 5.O-O O-O 6.c3 e6 7.c4 d6 8.Nc3 Nc6 9.d5 Ne5
10.Nd4 Qe7 11.Qb3 Kh8 12.Bg5 h6 13.Bxf6 Bxf6 14.Rad1 g5 15.dxe6 Bxe6 16.Nd5 Bxd5
17.cxd5 f4 18.Ne6 b6 19.Rc1 Rf7 20.Rc2 Rc8 21.Rfc1 Qe8 22.Nxc7 Qg8 23.Ne6 Rxc2
24.Qxc2 fxg3 25.hxg3 Nd7 26.b4 Be5 27.Qc8 Nf8 28.Qe8 Nxe6 29.Qxg8+ Kxg8 30.dxe6 Re7
31.Bd5 Kg7 32.Kg2 Kf6 33.Rc8 Kg7 34.g4 Bb2 35.e3 Ba3 36.b5 Bc5 37.Kf3 Ba3
38.Ke4 Bc5 39.f4 Ba3 40.f5 Bb2 41.Rc6 Be5 42.Rc8 h5 43.gxh5 g4 44.Kd3 g3
45.Ke2 Kh6 46.Bf3 Kg5 47.Rf8 Bf6 48.Be4 d5 49.Bxd5 Kxf5 50.Kf3 Ke5 51.e4 Rg7
52.Kg2 Rh7 53.Rf7 Rxh5 54.e7 Rh8 55.Rf8 Rh2+ 56.Kxg3 Bxe7 57.Rf5+  1-0

[Event "FIDE World Blitz 2014"]
[Site "Dubai UAE"]
[Date "2014.06.20"]
[Round "13.31"]
[White "Bologan,V"]
[Black "Anton Guijarro,D"]
[Result "1-0"]
[WhiteElo "2661"]
[BlackElo "2631"]

1.d4 Nf6 2.c4 g6 3.Nc3 Bg7 4.e4 d6 5.Nge2 Nbd7 6.Ng3 h5 7.Be2 c6 8.Be3 a6
9.a4 e5 10.d5 cxd5 11.cxd5 h4 12.Nf1 Nh5 13.g3 Ndf6 14.Nd2 Bh3 15.a5 Bh6
16.Bxh6 Rxh6 17.Qa4+ Bd7 18.Qb4 Qe7 19.Nc4 Kf8 20.Qxd6 Qxd6 21.Nxd6 Rh8 22.Nxb7 Kg7
23.Nc5 Bh3 24.Rg1 Rhb8 25.Ra2 Bc8 26.Kd2 Ng4 27.Bxg4 Bxg4 28.Rb1 Rb4 29.Ra4 Rd4+
30.Ke3 Rc8 31.Rxd4 exd4+ 32.Kxd4 h3 33.b4 Ra8 34.b5 axb5 35.a6 Bc8 36.Nxb5 Nf6
37.Nc7 Ra7 38.d6 Ng4 39.Rb8 Nxh2 40.Rxc8 Nf3+ 41.Ke3 h2 42.d7 Rxc7 43.Rxc7 h1=Q
44.d8=Q Ne5 45.Ne6+ Kh7 46.Ng5+ Kg7 47.Qd2 Qa1 48.Qc3  1-0

[Event "FIDE World Blitz 2014"]
[Site "Dubai UAE"]
[Date "2014.06.20"]
[Round "14.24"]
[White "Guseinov,G"]
[Black "Bologan,V"]
[Result "1-0"]
[WhiteElo "2613"]
[BlackElo "2661"]

1.e4 g6 2.d4 Bg7 3.Nc3 c6 4.Nf3 d6 5.a4 Nf6 6.Be2 O-O 7.O-O Nbd7 8.Be3 e5
9.dxe5 dxe5 10.Nd2 Qe7 11.Nc4 Rd8 12.Qd6 Qxd6 13.Nxd6 Nf8 14.Rad1 Ne6 15.Bc4 Ne8
16.Nxc8 Rdxc8 17.Bxe6 fxe6 18.Rd7 b6 19.Rfd1 Nf6 20.Re7 Re8 21.Rxe8+ Rxe8
22.Rd6 c5 23.f3 Kf7 24.Nb5 Re7 25.Rd8 Ne8 26.Ra8 Rd7 27.Rxa7 Rxa7 28.Nxa7 Nd6
29.b3 Ke8 30.a5 bxa5 31.Bxc5 Nb7 32.Ba3 Kd7 33.Nb5 Bh6 34.Kf1 Bf4 35.h3 Be3
36.Ke2 Bb6 37.Bb2 Kc6 38.Na3 Bd4 39.c3 Bg1 40.Nc4 Bh2 41.Ba3 Kb5 42.Kd3 Kc6
43.Bf8 h5 44.Kc2 Kb5 45.Bg7 a4 46.Nxe5 axb3+ 47.Kxb3 Nc5+ 48.Kc2 Bxe5 49.Bxe5 Kc4
50.Bd4 Nd3 51.Kd2 Nf4 52.g3 Nxh3 53.Ke3 Ng5 54.f4 Nf7 55.Bf6 Nd6 56.Be5 Nb5
57.f5 exf5 58.exf5 gxf5 59.Kf4 Kd5 60.Kxf5 Na3 61.Bd4 Nc4 62.Kg5 Ke6 63.Kxh5 Kf7
64.g4 Nd6 65.g5 Nf5 66.g6+ Kg8 67.Kg5 Ne7 68.c4 Nc6 69.Bc3 Ne7 70.c5 Nc6
71.Kf6 Kf8 72.Ke6 Kg8 73.Kd7 Nb8+ 74.Kd6 Na6 75.c6  1-0

[Event "FIDE World Blitz 2014"]
[Site "Dubai UAE"]
[Date "2014.06.20"]
[Round "15.30"]
[White "Bologan,V"]
[Black "Aleksandrov,A"]
[Result "1-0"]
[WhiteElo "2661"]
[BlackElo "2554"]

1.e4 e5 2.Bc4 Nf6 3.d3 c6 4.Nf3 Be7 5.O-O d6 6.Bb3 h6 7.c3 Nbd7 8.Re1 Nf8
9.Nbd2 Ng6 10.Nf1 O-O 11.Ng3 Re8 12.h3 Bf8 13.d4 Be6 14.Bc2 Qc7 15.Be3 Rad8
16.Qc1 a5 17.b3 Bc8 18.c4 b5 19.cxb5 cxb5 20.Bd3 Qb8 21.a4 Bd7 22.axb5 Bxb5
23.Bxb5 Qxb5 24.d5 Ra8 25.Qc4 Reb8 26.Nd2 Nf4 27.Ra4 h5 28.Bxf4 exf4 29.Ne2 Qxc4
30.Rxc4 g5 31.h4 gxh4 32.Ra1 Nd7 33.Rca4 Bg7 34.R1a2 Be5 35.b4 Rc8 36.bxa5 Nc5
37.Rc4 Rcb8 38.Rc1 Nd3 39.Rb1 Rxb1+ 40.Nxb1 Nb4 41.Ra4 Nd3 42.Nd2 Nc5 43.Ra2  1-0